03358nam a2200301uu 4500001000800000005001700008007001000025008004100035035001200076040001300088041000800101080000700109100004600116245014300162260003900305300001700344520221800361650003602579650002602615650003602641650004502677700005602722700005402778856006002832942001302892999001902905500013202924153223820260211100641.0cr|||||||190820s2018 spa  a1532238 ccomduadb aspa aJC10aOrozco Vélez , Alexis4auteaut979219210aDesarrollo de habilidades de pensamiento por medio del aprendizaje del concepto de función en estudiantes de básica secundaria y media aMedellín :bAutores (as),c2018. a82 páginas3 aEsta investigación surgió como consecuencia de la preocupación sobre las dificultades que presentan los estudiantes de básica secundaria y media en el aprendizaje del concepto de función, dificultades que se presentan al momento de relacionar sus conocimientos con aquellas situaciones que acontecen en la realidad. Al ser un concepto abstracto, en muchos casos los estudiantes no alcanzan a familiarizarse con él completamente, dificultando así la adquisición de nuevos conocimientos y el desarrollo de habilidades intelectuales. Muchas de las dificultades mencionadas se presentan principalmente en los establecimiento educativo y en las universidades reflejándose principalmente en la reprobación de cursos, en los cuales son necesarias estas habilidades para enfrentarse a diferentes situaciones problema en las que puede ser necesario relacionar variables, establecer correspondencias entre magnitudes y fenómenos, etc. Por esto, vimos en la Modificabilidad Estructural Cognitiva de Feuerstein y en las Experiencias de Aprendizaje Mediado la oportunidad de enfrentar tales dificultades de una manera alternativa, con fundamento en el desarrollo de las operaciones mentales de diferenciación, representación mental e inferencia lógica de los estudiantes, mientras aprenden el concepto de función, dando paso al desarrollo de la autonomía. La investigación posee un enfoque cualitativo, pues el estudio se realiza desde el contexto natural de los participantes y la interpretación de su realidad con base en la observación. Por otra parte, la metodología que la fundamenta es la investigación acción del profesor que nos permitió trabajar con los estudiantes mientras reflexionábamos sobre nuestra propia práctica. Esta investigación encontró que las Experiencias de Aprendizaje Mediado pueden ser un medio efectivo para abordar la enseñanza del concepto de función. Si bien se obtuvieron resultados importantes respecto del desarrollo de las operaciones mentales de diferenciación y representación mental con las actividades implementadas, es necesario aún reenfocarlas para obtener resultados más efectivos frente a la inferencia lógica aConceptos matemáticos9224364 7aFunciones2lemb91389 aFunciones matemáticas9113732 7aMatemáticasxEnseñanza2lemb919010810aHernández Noreña, Juan José4auteaut979219310aLondoño Arboleda, John Edwin 4auteaut97939524 uhttp://bibliotecadigital.udea.edu.co/handle/10495/19119 cTESISn0 c809238d809238 aTesis (Licenciatura en Matemáticas y Física). Universidad de Antioquia. Facultad de Educacion - Título del grado otorgado